KOHA-Header-6

ML-203 Fundamentals of Management (Record no. 2827)

000 -LEADER
fixed length control field 00313nam a2200121Ia 4500
008 - FIXED-LENGTH DATA ELEMENTS--GENERAL INFORMATION
fixed length control field 190902s9999||||xx |||||||||||||| ||und||
020 ## - INTERNATIONAL STANDARD BOOK NUMBER
International Standard Book Number 978-969-407-370-5
100 ## - MAIN ENTRY--PERSONAL NAME
Personal name ICAMP Study Text
245 #0 - TITLE STATEMENT
Title ML-203 Fundamentals of Management
260 ## - PUBLICATION, DISTRIBUTION, ETC. (IMPRINT)
Place of publication, distribution, etc London
Name of publisher, distributor, etc Royal Book Company
Date of publication, distribution, etc 2011
300 ## - PHYSICAL DESCRIPTION
Extent 533
942 ## - ADDED ENTRY ELEMENTS (KOHA)
Koha item type Books
Holdings
Withdrawn status Lost status Damaged status Not for loan Collection code Permanent Location Current Location Shelving location Date acquired Barcode Date last seen Price effective from Koha item type
        Management MAJU MAJU   2019-09-02 6492 2019-09-02 2019-09-02 Management

Powered by Koha